000
00261nam a22001217a 4500
008
180921b xxu||||| |||| 00| 0 eng d
041
_a
eng
080
_a
573
100
_a
11
101
_a
BIO
245
_a
Exotic aquarium fishes
_c
Innes,W.T
942
_2
udc
_c
BK
999
_c
48221
_d
48221